| 000 | 00352nam a2200145Ia 4500 | ||
|---|---|---|---|
| 008 | 150201s2005 xx 000 0 und d | ||
| 082 |
_a603 _bM2005T |
||
| 100 | _aTIRAN DENISE | ||
| 245 | _aBAILLIERES MIDWIVES DICTIONARY | ||
| 250 | _a10TH | ||
| 260 |
_bBAILIERE TINDALL _aDELHI _c2005 |
||
| 300 | _a1-332 | ||
| 650 | _aDICTIONARIES | ||
| 942 |
_2ddc _cBK |
||
| 999 |
_c4027 _d4027 |
||